Responses for Show #8855 - Friday, April 21, 2023

Contestants

[<< previous game]

Igor Petrovich, an attorney from Ashburn, Virginia

Anjali Salvador, a lawyer from Houston, Texas

Emma Hill Kepron, a librarian from Winnipeg, Manitoba, Canada (whose 1-day cash winnings total $11,400)

[next game >>]

Jeopardy! Round responses

BASKETBALL GREATS
THE CALIFORNIA MISSIONS
SLIDING INTO YOUR "D.M."s
RHYME TIME
YOU DRIVE
A HARD BARGAIN
    $200 9
Naismith

Emma
    $200 26
San Diego

Igor
    $200 25
a direct message

Anjali
    $200 1
powder chowder

Emma
    $200 11
a chauffeur

Emma
    $200 20
(Anjali: What is the Louisiana Territory?)

Alaska

AnjaliIgor
    $400 16
the dribble

Igor
    $400 27
Santa Cruz

Triple Stumper
    $1,800 6
(Ken: [*], Iowa is correct.)

Des Moines

Anjali
    $400 2
toga yoga

Anjali
    $400 12
Uber

Anjali
    $400 21
(Emma: What is Paris?)

Versailles

EmmaIgor
    $600 17
(Ken: The great [*].)

(Bill) Russell

Igor
    $600 28
the Camino Real

Triple Stumper
    $600 7
(Igor: Who is Doc Marten?)
(Emma: Who is Dr. Marten?)

Doc Martens

EmmaIgor
Triple Stumper
    $600 3
Ranger danger

Anjali
    $600 13
a snowplow

Anjali
    $600 22
(Ken: In recent elections, nothing compared to this, [*].)

Speaker of the House

Triple Stumper
    $800 18
goaltending

Igor
    $800 29
(Anjali: What is a wall?)
...
(Ken: The one in San Francisco is famous; that's [*].)

the Presidio

Anjali
Triple Stumper
    $800 8
(Ken: Yes, they were always hanging out, I bet.)

Demi Moore & Dean Martin

Igor
    $800 4
judge fudge

Anjali
    $800 14
a getaway car

Anjali
    $800 23
the Opium Wars

Triple Stumper
    $1000 19
the Fab Five

Igor
    $1000 30
(Ken: Well, that wasn't your category, but you're doing pretty well otherwise.)

neophytes

Triple Stumper
    $1000 10
diacritical marks

Triple Stumper
    $1000 5
shelve twelve

Triple Stumper
    $1000 15
the pace car

Igor
    $1000 24
Gary Powers

Emma

Scores at the first commercial break (after clue 15):

Emma Anjali Igor
$0 $5,400 $1,200

Scores at the end of the Jeopardy! Round:

Emma Anjali Igor
$600 $4,600 $4,800

Double Jeopardy! Round responses

SPEAK OF THE DICKENS
GO JUMP IN A LAKE
SCIENTIFIC NUMBERS
FOREIGN POLITICAL PARTIES
"F"IVE LETTER WORDS
CUTTING IN LINE AT THE MOVIES
(Ken: You'll have to name the film containing each of these cutting remarks.)
    $400 10
a raven

Igor
    $400 18
Lake Michigan

Anjali
    $400 26
3

Igor
    $400 3
Italy

Igor
    $400 22
(Igor: What is marshmallow?)
...
(Ken: Yes, marshmallow [*].)

fluff

EmmaIgor
    $400 1
The Princess Bride

Emma
    $800 16
David Copperfield

Igor
    $800 19
Tanzania

Anjali
    $800 27
(Igor: What is 13?)

14

EmmaIgor
    $800 4
(Igor: What is Germany?)

the Green Party

EmmaIgor
    $800 6
a facet

Anjali
    $800 2
(Emma: What is Maltese Falcon?)
...
(Ken: Yes, they're also both in [*].)

Casablanca

EmmaIgor
    $1200 17
a cricket

Triple Stumper
    $1200 20
Lake Geneva

Igor
    $1200 28
the golden ratio

Triple Stumper
    $1200 11
(Ken: Yes, for Quebec.)

independence

Igor
    $1200 7
faint

Emma
    $1200 5
Aladdin

Anjali
    $1600 23
Wilkie Collins

Emma
    $1600 21
Lake Pontchartrain

Anjali
    $1600 29
22/7

Triple Stumper
    $2,000 12
the ANC (the African National Congress)

Igor
    $1,500 8
a folio

Emma
    $1600 14
A Fish Called Wanda

Emma
    $2000 24
(Ken: That's a long sit, [*].)

Nicholas Nickleby

Triple Stumper
    $2000 25
Great Bear Lake

Emma
    $2000 30
(Anjali: What is meters per second squared?)

miles per second

Anjali
Triple Stumper
    $2000 13
Kasparov

Igor
    $2000 9
a fugue

Anjali
    $2000 15
The Favourite

Emma

Scores at the end of the Double Jeopardy! Round:

Emma Anjali Igor
$12,100 $9,400 $12,000

[wagering suggestions for these scores]

Final Jeopardy! Round responses

HISTORIC GROUPS
(Ken: [To Anjali] Originally the bodyguards for Roman generals.)
AnjaliWhat is the Praetorian guard
$2,500
IgorWhat are centaurions?
$11,000
EmmaWhat is the Praetorian guard?
$2,500
the Praetorian Guard

Final scores:

Emma Anjali Igor
$14,600 $11,900 $1,000
2-day champion: $26,000 2nd place: $2,000 3rd place: $1,000

Game dynamics:

Coryat scores:

Emma Anjali Igor
$12,200 $8,000 $11,600
14 R
(including 1 DD),
3 W
14 R
(including 1 DD),
3 W
18 R
(including 1 DD),
4 W

Combined Coryat: $31,800

[game clues] [game scores] [suggest correction]

Game tape date: 2023-02-07
The J! Archive is created by fans, for fans. Scraping, republication, monetization, and malicious use prohibited; this site may use cookies and collect identifying information. See terms. The Jeopardy! game show and all elements thereof, including but not limited to copyright and trademark thereto, are the property of Jeopardy Productions, Inc. and are protected under law. This website is not affiliated with, sponsored by, or operated by Jeopardy Productions, Inc. Join the discussion at JBoard.tv.